Presidential namesakes Quiz Stats

 Plays Quiz not verified by Sporcle

Challenge
Share
Tweet
Embed
Score 0/30 Timer 09:00
0 Plays Today
Clue Celebrity % Correct
Leader of P-FunkGeorge Clinton
83.5%
He wrote 'Here Comes the Sun'George Harrison
82.4%
Disgraced figure skaterTonya Harding
74.1%
First Director of the FBIJ. Edgar Hoover
70.6%
'The Rock'Dwayne Johnson
68.2%
Has the best-selling album of all timeMichael Jackson
67.1%
Star of 'Maude' and 'The Golden Girls'Bea Arthur
64.7%
Has portrayed an archaeologist, a space pirate, and a CIA agent, among othersHarrison Ford
62.4%
'Armageddon' actressLiv Tyler
55.3%
Actress who released the perfume, 'White Diamonds'Elizabeth Taylor
52.9%
Pen name of a famous advice columnistAbigail Van Buren
50.6%
Super Bowl-winning New Orleans RBReggie Bush
50.6%
Starred as Wonder Woman in the 70's TV seriesLynda Carter
48.2%
Won an Oscar for 'My Fair Lady'Rex Harrison
47.1%
Actor who voiced Inspector GadgetDon Adams
44.7%
Clue Celebrity % Correct
Dwight Schrute portrayerRainn Wilson
43.5%
'Sex and the City' actressCynthia Nixon
37.6%
Photographer known for his Western landscapesAnsel Adams
32.9%
Christian singer, scored a #1 hit with 'Baby Baby'Amy Grant
30.6%
'First Lady of the American Theater'; won an Oscar, Grammy, Emmy, and TonyHelen Hayes
29.4%
4-time NASCAR championJimmie Johnson
28.2%
One of 'The Girls Next Door'Holly Madison
27.1%
Comedian; star of 'Malibu's Most Wanted'Jamie Kennedy
27.1%
Actress, perhaps best known as 'Stifler's mom'Jennifer Coolidge
24.7%
19th century African-American social and political figureBooker T. Washington
23.5%
NBA star nicknamed 'The Truth'Paul Pierce
22.4%
Host of 'Access Hollywood'Billy Bush
18.8%
NBA player who spent 7 seasons with the NetsRichard Jefferson
16.5%
Photographed subject of 'The Last Sitting'Marilyn Monroe
12.9%
Well-known conservative political commentatorPat Buchanan
11.8%

You're not logged in!

Compare scores with friends on all Sporcle quizzes.
OR
Log In

You Might Also Like...

Show Comments

Extras

Created Jul 22, 2010ReportNominate

Top Quizzes Today


Score Distribution

Your Account Isn't Verified!

In order to create a playlist on Sporcle, you need to verify the email address you used during registration. Go to your Sporcle Settings to finish the process.

Report this User

Report this user for behavior that violates our Community Guidelines.

Details: